000 01325cam a2200397 4500
999 _c23339
_d23339
001 vtls011828925
005 20221003083943.0
008 200316s2018 xo er 010 fdslo
020 _a9788055164311
_q(viazané)
035 _aurn:nbn:sk:snk-am00digr
035 _aurn:nbn:sk:snk-am3i3dh
035 _a58E59D04-6252-430F-B1A7-EBD70BD90165
040 _aSLLK
_bslo
_cSLLK
_dSNK
_erda
041 0 _aslo
_heng
044 _axo
_cSK
072 7 _a821.111-3
_xAnglická próza, anglicky písaná
_2konspekt
080 _a821.111-31
_22011
080 _a(0:82-312.4)
_22011
100 1 _aDelaney, JP,
_d1962-
_4aut
_93371
240 1 0 _aBelieve me
_lSlovensky
245 1 0 _aDôveruj mi
_cJP Delaney ; preložila Jana Seichertová
264 1 _aBratislava
_bIkar
_c2018
300 _a404 strán
_c21 cm
336 _atext
_btxt
_2rdacontent
337 _abez média
_bn
_2rdacarrier
338 _azväzok
_bnc
_2rdacarrier
500 _aPreložené z angličtiny
500 _aObsahuje biografické údaje o autorovi na prebale publikácie
655 7 _aanglické romány
_2SNKPH
_98
655 7 _adetektívne romány
_2SNKPH
_91710
655 7 _aEnglish fiction
_2SNKPHeng
_99
655 7 _aDetective novels
_2SNKPHeng
_91711
700 1 _aSeichertová, Jana
_c(prekladateľka)
_4trl
_910
958 _aLX
958 _aUP